La Galeria de Vallencs Il·lustres : (1891-1991) : cent anys d'una tradició / Ricard Ibarra i Ollé (1891-1991) :
Descripción Física:
31 p. : il. ; 28 cm
Colección:
Quaderns de Valls ; 2
Materias:
Valls -- Biografia
MARC
| LEADER | 00000nam a2200000Ia 4500 | ||
|---|---|---|---|
| 001 | 9529 | ||
| 003 | BGR | ||
| 005 | 20260324175617.0 | ||
| 008 | 160829s9999 xx 000 0 cat d | ||
| 080 | |a FU-24-20 | ||
| 100 | |a Ibarra i Ollé, Ricard |9 35120 | ||
| 245 | |a La Galeria de Vallencs Il·lustres : |b (1891-1991) : |b cent anys d'una tradició / Ricard Ibarra i Ollé | ||
| 260 | |a Valls : |b Ajuntament. Arxiu municipal, dl 1991 | ||
| 300 | |a 31 p. : |b il. ; |c 28 cm | ||
| 490 | |a Quaderns de Valls ; 2 | ||
| 590 | |a Bibliografia | ||
| 650 | |a Valls |x Biografia |9 35121 | ||
| 710 | 1 | |a Valls (Catalunya). |b Ajuntament |9 53920 | |
| 710 | 1 | |a Arxiu Municipal de Valls |9 70425 | |
| 901 | |a Arxiu | ||
| 942 | |n 1 |2 udc |c MON | ||
| 952 | |0 0 |1 0 |4 0 |6 FU2420 |7 1 |9 46772 |a Arxiu |b Arxiu |d 2016-12-01 |l 0 |o FU-24-20 |p 9529 |r 2016-12-01 00:00:00 |w 2016-12-01 |y ARXIU | ||
| 999 | |c 50565 |d 50565 | ||